000 00217nam a2200097Ia 4500
008 220204s9999 xx 000 0 und d
082 _a82-3
_bSIN
100 _aNarenderpal Singh
245 0 _aFlaming hills
942 _cBK
999 _c29524
_d29524